000 00578cam a2200205 4500500
005 20260405001735.0
041 _afre
042 _adc
100 1 0 _aThirouin, Laurent
_eauthor
245 0 0 _aScandaleux pari
260 _c2014.
500 _a98
690 _aLaurent Thirouin
690 _aMathématiques
690 _aPari
690 _aPascal
690 _aScandale
786 0 _nPhilosophie magazine | 79 | 5 | 2014-05-01 | p. 64-64 | 1951-1787
856 4 1 _uhttps://shs.cairn.info/magazine-philosophie-magazine-2014-5-page-64?lang=fr&redirect-ssocas=7080
999 _c2050587
_d2050587